[Event "PRVA LIGA CENTRALNE SRBIJE 2018."]
[Site "Kragujevac"]
[Date "2018.09.14"]
[Round "1.1"]
[White "Petkov, Vladimir"]
[Black "Atalik, Suat"]
[Result "1-0"]
[WhiteElo "2510"]
[BlackElo "2512"]
[PlyCount "103"]
[EventDate "2018.??.??"]

1. d4 Nf6 2. c4 g6 3. g3 c5 4. Nf3 cxd4 5. Nxd4 Bg7 6. Bg2 O-O 7. Nc3 Qc7 8. b3
d5 9. Ndb5 Qa5 10. Bd2 dxc4 11. bxc4 Nc6 12. O-O Qd8 13. Nd5 Bf5 14. Bc3 Ne8
15. Qb3 Bxc3 16. Nbxc3 Rb8 17. Rfd1 Qc8 18. Rac1 Kg7 19. Qb2 e5 20. c5 f6 21.
Nb5 Rf7 22. Nb4 Rd7 23. Nd6 Nxd6 24. cxd6 Qf8 25. Nxc6 bxc6 26. Qa3 c5 27. Rxc5
e4 28. Rc6 Qe8 29. h3 h5 30. Rc7 Rb7 31. Rxb7 Rxb7 32. Qe3 g5 33. Rd4 Rb6 34.
Rd5 Qd7 35. Qd4 Bg6 36. Kh2 h4 37. a4 hxg3+ 38. fxg3 Rc6 39. a5 a6 40. Qb4 Bf7
41. Rd4 f5 42. Qd2 Kf6 43. Qb2 Kg6 44. Qb4 Be6 45. Qd2 Rc5 46. h4 gxh4 47. gxh4
Qd8 48. Qf4 Bd7 49. Rb4 Rxa5 50. Rb7 Ra4 51. e3 Kf7 52. Qxf5+ 1-0

[Event "PRVA LIGA CENTRALNE SRBIJE 2018."]
[Site "Kragujevac"]
[Date "2018.09.14"]
[Round "1.1"]
[White "Irizanin, Radoje"]
[Black "Paunovic, Tomislav"]
[Result "0-1"]
[WhiteElo "2296"]
[BlackElo "2340"]
[PlyCount "134"]
[EventDate "2018.??.??"]

1. d4 g6 2. c3 Bg7 3. Bg5 h6 4. Bh4 f5 5. e3 Nf6 6. Nd2 d6 7. Bxf6 Bxf6 8. Bc4
e5 9. dxe5 dxe5 10. e4 Qe7 11. exf5 gxf5 12. Qh5+ Kf8 13. O-O-O Kg7 14. h4 Qe8
15. Qe2 Nc6 16. g4 fxg4 17. Bd3 Ne7 18. f3 h5 19. Ne4 Qg6 20. Qf2 Rf8 21. Nh3
Kh8 22. Nhg5 Bf5 23. Bc2 Bxg5+ 24. Nxg5 Bxc2 25. Qxc2 Qxc2+ 26. Kxc2 gxf3 27.
Rdf1 Ng6 28. Nxf3 Rf5 29. Rhg1 Kg7 30. Ng5 Rxf1 31. Rxf1 Nxh4 32. Ne6+ Kg6 33.
Kd3 Nf5 34. Rg1+ Kf6 35. Nxc7 Rd8+ 36. Ke4 Nd6+ 37. Ke3 Nc4+ 38. Ke4 Nd2+ 39.
Ke3 Nc4+ 40. Ke4 Nd6+ 41. Ke3 Rd7 42. Nd5+ Ke6 43. Nb4 h4 44. Nd3 Nf5+ 45. Ke4
Ng3+ 46. Ke3 Rg7 47. Re1 h3 48. Kf3 h2 49. Nf2 Kf5 50. c4 e4+ 51. Kg2 h1=Q+ 52.
Nxh1 Nxh1+ 53. Kxh1 Kf4 54. Rf1+ Ke3 55. c5 Ke2 56. Rf8 e3 57. b4 Rg5 58. Rc8
Kd3 59. Rd8+ Kc4 60. Re8 Kd4 61. a3 Rg4 62. Rd8+ Kc4 63. Re8 Kd3 64. b5 e2 65.
c6 bxc6 66. bxc6 Re4 67. Rd8+ Ke3 0-1

[Event "PRVA LIGA CENTRALNE SRBIJE 2018."]
[Site "Kragujevac"]
[Date "2018.09.14"]
[Round "1.1"]
[White "Manic, Jovica"]
[Black "Marinkovic, Ivan"]
[Result "0-1"]
[WhiteElo "2255"]
[BlackElo "2459"]
[PlyCount "124"]
[EventDate "2018.??.??"]

1. e4 Nf6 2. e5 Nd5 3. c4 Nb6 4. c5 Nd5 5. Bc4 e6 6. Qg4 Nb4 7. Na3 b6 8. Nf3
Ba6 9. O-O Bxc4 10. Nxc4 N8c6 11. d4 h5 12. Qe4 bxc5 13. a3 Nd5 14. dxc5 Bxc5
15. b4 Bf8 16. Bg5 Be7 17. Bd2 d6 18. Rac1 Nxe5 19. Ncxe5 dxe5 20. Nxe5 Bf6 21.
f4 O-O 22. Rf3 Re8 23. Kh1 h4 24. Rg1 g6 25. g3 h3 26. g4 Bg7 27. Rxh3 Nf6 28.
Qd3 Qd5+ 29. Qxd5 exd5 30. Nd3 Ne4 31. Be1 a5 32. Rf3 axb4 33. axb4 Ra3 34. h4
c5 35. bxc5 Nxc5 36. Ne5 Ra2 37. Bc3 Ne4 38. Bd4 Rd2 39. Be3 Re2 40. Nc6 Nd2
41. Bxd2 Rxd2 42. Rg2 Rd1+ 43. Kh2 d4 44. Nb4 Bf8 45. Nd3 Re3 46. Rxe3 dxe3 47.
Ne5 Rd2 48. Nf3 e2 49. Kg3 Bb4 50. Rf2 Bc5 51. Rg2 Bb4 52. Rf2 Rb2 53. Kg2 Bc5
54. Ne1 f5 55. gxf5 gxf5 56. Kf3 Bxf2 57. Kxf2 Kg7 58. Nf3 Rb4 59. Kxe2 Rxf4
60. Kf2 Kg6 61. Kg3 Rg4+ 62. Kh3 Kh5 0-1

[Event "PRVA LIGA CENTRALNE SRBIJE 2018."]
[Site "Kragujevac"]
[Date "2018.09.14"]
[Round "1.1"]
[White "Mirkovic, Stevan"]
[Black "Todorovic, Bojan"]
[Result "0-1"]
[WhiteElo "2307"]
[BlackElo "2318"]
[PlyCount "136"]
[EventDate "2018.??.??"]

1. Nf3 Nf6 2. c4 g6 3. Nc3 Bg7 4. e4 O-O 5. d4 d6 6. Be2 c5 7. O-O Nc6 8. d5
Na5 9. Rb1 a6 10. b3 Rb8 11. Bb2 Bg4 12. Re1 Nd7 13. Nd2 Bxe2 14. Qxe2 e5 15.
a3 Bh6 16. Bc1 b6 17. b4 cxb4 18. axb4 Nb7 19. Nb3 Bxc1 20. Rexc1 a5 21. bxa5
bxa5 22. Nb5 Nbc5 23. Nd2 Rb6 24. Ra1 a4 25. Rc3 f5 26. exf5 Rxf5 27. Rh3 Rf4
28. Rf3 Qf6 29. Rfa3 Rb8 30. f3 e4 31. fxe4 Rf8 32. Nf3 Rxe4 33. Qc2 Ne5 34.
Nbd4 Nxf3+ 35. Nxf3 Qf4 36. Rc3 Rfe8 37. Qf2 Re2 38. Qd4 R2e4 39. Qf2 Re2 40.
Qg3 Qxg3 41. hxg3 R8e4 42. Kh2 Rb2 43. Kh3 h6 44. Rf1 g5 45. g4 Rb3 46. Rc2 h5
47. Kh2 Rxg4 48. Rd1 a3 49. Ra1 Rb2 50. Rd2 Rh4+ 51. Kg1 Rxd2 52. Nxd2 Rd4 53.
Ra2 Rd3 54. Kf1 Rc3 55. Ke2 Nd3 56. Ra1 Nf4+ 57. Kf1 Rc2 58. Rxa3 Rxd2 59. g3
Nd3 60. Ra6 Rf2+ 61. Kg1 Rf6 62. Ra7 Ne5 63. Rc7 Rf7 64. Rc8+ Kg7 65. Kg2 Kf6
66. Kh3 g4+ 67. Kh4 Kf5 68. Rh8 Ng6+ 0-1

[Event "PRVA LIGA CENTRALNE SRBIJE 2018."]
[Site "Kragujevac"]
[Date "2018.09.14"]
[Round "1.1"]
[White "Nikolic, Boban"]
[Black "Gavrilovic, Leonardo"]
[Result "1/2-1/2"]
[WhiteElo "2243"]
[BlackElo "2243"]
[PlyCount "111"]
[EventDate "2018.??.??"]

1. c4 Nf6 2. Nc3 e5 3. g3 d5 4. cxd5 Nxd5 5. Bg2 Nb6 6. Nf3 Nc6 7. a3 a5 8. d3
Be7 9. Be3 Nd5 10. Nxd5 Qxd5 11. O-O Qb5 12. d4 exd4 13. Nxd4 Nxd4 14. Bxd4 O-O
15. e3 Rd8 16. Rc1 c6 17. a4 Qf5 18. Qb3 Bb4 19. e4 Qh5 20. Qe3 Bh3 21. Bxh3
Qxh3 22. Rfd1 Rd6 23. Qf3 Re8 24. Bc5 Rf6 25. Qg2 Qh5 26. Bxb4 axb4 27. Rd4 Qa5
28. b3 b5 29. axb5 Qxb5 30. Qf1 Qa5 31. Qc4 Rb8 32. Rcd1 h5 33. Rd6 Rf3 34.
R1d3 Rxd3 35. Qxd3 Qc5 36. Kg2 Ra8 37. Rd7 Ra2 38. Qf3 f6 39. e5 Qxe5 40. Rd8+
Kh7 41. Qxc6 Re2 42. Qf3 Kg6 43. Rd5 Qe4 44. Qxe4+ Rxe4 45. Kf3 f5 46. Rd6+ Kf7
47. h4 Ke7 48. Rg6 Kf7 49. Rb6 Ke7 50. Rb8 Kf7 51. Rb6 Ke7 52. Rb7+ Kf6 53. Kg2
f4 54. Rb6+ Kf7 55. Kf3 fxg3 56. fxg3 1/2-1/2

[Event "PRVA LIGA CENTRALNE SRBIJE 2018."]
[Site "Kragujevac"]
[Date "2018.09.14"]
[Round "1.2"]
[White "Atakisi, Umut"]
[Black "Rakhmanov, Aleksandr"]
[Result "0-1"]
[WhiteElo "2397"]
[BlackElo "2647"]
[PlyCount "104"]
[EventDate "2018.??.??"]

1. e4 d5 2. exd5 Qxd5 3. Nc3 Qd6 4. d4 g6 5. Nf3 Nf6 6. Nb5 Qb6 7. Na3 Be6 8.
c3 c6 9. Nc4 Qc7 10. Nce5 Nbd7 11. Bf4 Nxe5 12. Nxe5 Nh5 13. Be3 Bg7 14. Be2
Nf6 15. Bf4 Qb6 16. Nd3 Nd5 17. Bg3 h5 18. h3 h4 19. Bh2 Bf5 20. Qb3 O-O 21.
O-O Rfe8 22. Rfe1 a5 23. Qxb6 Nxb6 24. Nc5 Ra7 25. a4 Nd5 26. Bf3 b6 27. Ne4
Rd8 28. Nd2 f6 29. Be4 Kf7 30. Bxf5 gxf5 31. Nf3 Rh8 32. c4 Nb4 33. Re2 Rd7 34.
b3 e6 35. Rae1 Nd3 36. Rb1 Bf8 37. Kf1 c5 38. Rd1 Nb4 39. Rde1 Nd3 40. Rd1 Nb4
41. Ree1 Rh5 42. dxc5 Rxd1 43. Rxd1 Bxc5 44. Bd6 e5 45. Bxc5 bxc5 46. Rd6 Rh8
47. Rb6 e4 48. Nd2 Rd8 49. Ke2 Nd3 50. Rb5 Kg6 51. Rxa5 Nc1+ 52. Ke1 Rxd2 0-1

[Event "PRVA LIGA CENTRALNE SRBIJE 2018."]
[Site "Kragujevac"]
[Date "2018.09.14"]
[Round "1.2"]
[White "Damljanovic, Branko"]
[Black "Dezelin, Milan"]
[Result "1-0"]
[WhiteElo "2470"]
[BlackElo "1985"]
[PlyCount "65"]
[EventDate "2018.??.??"]

1. Nf3 c5 2. e4 d6 3. d4 cxd4 4. Nxd4 Nf6 5. Nc3 g6 6. h3 Bg7 7. g4 Nc6 8. Be3
O-O 9. Bg2 Bd7 10. O-O Ne5 11. Qe2 Rc8 12. Rad1 a6 13. Bc1 Nc6 14. Nf3 Ne8 15.
Rfe1 Na5 16. e5 Nc4 17. exd6 Nexd6 18. Qxe7 Qxe7 19. Rxe7 Bc6 20. Nd4 Bxg2 21.
Kxg2 Rfd8 22. Nd5 Ne8 23. Nf3 Bxb2 24. Bxb2 Nxb2 25. Rd4 Rc4 26. Rd2 Nd6 27.
Ne5 Rcc8 28. Nb6 Rb8 29. c3 f6 30. Ned7 Ndc4 31. Nxc4 Nxc4 32. Nxf6+ Kf8 33.
Rde2 1-0

[Event "PRVA LIGA CENTRALNE SRBIJE 2018."]
[Site "Kragujevac"]
[Date "2018.09.14"]
[Round "1.2"]
[White "Mladenovic, Stefan"]
[Black "Nestorovic, Nikola"]
[Result "1-0"]
[WhiteElo "2355"]
[BlackElo "2453"]
[PlyCount "71"]
[EventDate "2018.??.??"]

1. d4 Nf6 2. Nf3 b6 3. e3 Bb7 4. Bd3 g6 5. O-O Bg7 6. c4 c5 7. d5 b5 8. Nc3 b4
9. Ne2 d6 10. Nd2 O-O 11. f4 e6 12. e4 Nbd7 13. Nf3 exd5 14. exd5 Qb6 15. Kh1
Rae8 16. h3 Ne4 17. f5 Qd8 18. g4 gxf5 19. gxf5 Ndf6 20. Qc2 Bc8 21. Ng5 Nxg5
22. Bxg5 h6 23. Bh4 Re3 24. Nf4 Kh8 25. Rg1 Rg8 26. Rg2 Qe7 27. Rag1 Qe5 28.
Qf2 Nh5 29. Nxh5 Rxh3+ 30. Rh2 Rxd3 31. Qg2 Bxf5 32. Bf6 Be4 33. Bxe5 Bxg2+ 34.
Rhxg2 dxe5 35. Nxg7 Rd4 36. Nf5 1-0

[Event "PRVA LIGA CENTRALNE SRBIJE 2018."]
[Site "Kragujevac,hotel Sumarice"]
[Date "2018.09.14"]
[Round "1.2"]
[White "Ostojic, Nikola"]
[Black "Cvetanovic, Uros"]
[Result "1-0"]
[WhiteElo "2441"]
[BlackElo "2295"]
[PlyCount "67"]
[EventDate "2018.09.14"]
[WhiteTeam "Vladimirci"]
[BlackTeam "OSK Paracin  Paracin"]

1. d4 Nf6 2. c4 e6 3. g3 Bb4+ 4. Bd2 Qe7 5. Bg2 O-O 6. Nc3 d6 7. e3 e5 8. Nge2
c6 9. O-O Bf5 10. e4 Bxc3 11. Nxc3 Bg4 12. f3 exd4 13. Ne2 Be6 14. Nxd4 Bxc4
15. Nf5 Qc7 16. Rf2 Be6 17. Bf4 Rd8 18. Nxd6 Nh5 19. Rd2 Nxf4 20. gxf4 Na6 21.
f5 Bd7 22. Kh1 Be8 23. e5 c5 24. f4 Bc6 25. Qg4 Bxg2+ 26. Rxg2 f6 27. Rag1 Rd7
28. Ne4 Rf8 29. Nxf6+ Rxf6 30. exf6 Qc6 31. fxg7 Nb4 32. Qe2 Rf7 33. Qe6 Nd3
34. Qxf7+ 1-0

[Event "PRVA LIGA CENTRALNE SRBIJE 2018."]
[Site "Kragujevac,hotel Sumarice"]
[Date "2018.09.14"]
[Round "1.2"]
[White "Todorovic, Nenad I"]
[Black "Nestorovic, Lazar"]
[Result "0-1"]
[WhiteElo "2291"]
[BlackElo "2353"]
[PlyCount "86"]
[EventDate "2018.09.14"]
[WhiteTeam "OSK Paracin  Paracin"]
[BlackTeam "Vladimirci"]

1. e4 c5 2. Nf3 d6 3. d4 cxd4 4. Nxd4 Nf6 5. Nc3 a6 6. Be3 h5 7. Bg5 e6 8. f4
Be7 9. Qf3 Qc7 10. O-O-O Nbd7 11. Bd3 b5 12. Rhe1 Bb7 13. Qh3 Nc5 14. e5 dxe5
15. fxe5 Ng4 16. Bh4 g5 17. Bg3 O-O-O 18. Be4 b4 19. Bxb7+ Qxb7 20. Nb1 Ne3 21.
Bf2 Nxd1 22. Rxd1 g4 23. Qe3 Ne4 24. Bg3 Nxg3 25. hxg3 Rhg8 26. Nd2 Bg5 27. Qd3
Kb8 28. Kb1 Rd5 29. Nc4 Be7 30. Ka1 Rgd8 31. c3 Rc8 32. a3 Rdc5 33. Nd6 Bxd6
34. exd6 bxc3 35. b4 Rd5 36. Qe3 c2 37. Rc1 Qa7 38. d7 Qxd7 39. Nb3 Rd1 40. Kb2
Rxc1 41. Qxc1 Qd1 42. Qf4+ Rc7 43. Nc1 Qd5 0-1

[Event "PRVA LIGA CENTRALNE SRBIJE 2018."]
[Site "Kragujevac,hotel Sumarice"]
[Date "2018.09.14"]
[Round "1.2"]
[White "Blesic, Vaso"]
[Black "Dimitrijevic, Nenad"]
[Result "1-0"]
[WhiteElo "2373"]
[BlackElo "2216"]
[Annotator "Balkanchess"]
[PlyCount "137"]
[EventDate "2018.09.14"]
[WhiteTeam "Vladimirci"]
[BlackTeam "OSK Paracin  Paracin"]

1. d4 Nf6 2. c4 e6 3. Nf3 d5 4. Nc3 Be7 5. Bg5 O-O 6. e3 h6 7. Bh4 a6 8. Qc2 c6
9. Bd3 dxc4 10. Bxc4 b5 11. Bd3 Nbd7 12. Ne4 Bb7 13. Bxf6 Bxf6 14. O-O Be7 15.
Rfd1 Qb6 16. Rac1 a5 17. Nc5 Nxc5 18. dxc5 Qc7 19. a4 b4 20. Qc4 Ba6 21. Qf4
Qxf4 22. exf4 Bxd3 23. Rxd3 Rfd8 24. Rcd1 Rd5 25. Rxd5 cxd5 26. c6 Bf6 27. Ne5
Rc8 28. Rc1 Rc7 29. Rc5 Kf8 30. g3 Ke7 31. Rxa5 Kd6 32. Nd3 Rxc6 33. Rb5 Rc2
34. Rxb4 Rd2 35. Rb6+ Kc7 36. Rb3 Rd1+ 37. Kg2 Ra1 38. Ne5 Bxe5 39. fxe5 Rxa4
40. Rf3 f5 41. exf6 gxf6 42. Rxf6 Kd6 43. Rxh6 Rb4 44. h4 Rxb2 45. h5 Ke5 46.
Rh8 Kf6 47. Rg8 Kf7 48. Rd8 Kf6 49. g4 Rb3 50. Rf8+ Kg7 51. Rf3 Rb4 52. Kg3 d4
53. Ra3 Rb7 54. Ra6 Kf6 55. Rd6 Ke5 56. Rd8 Rb1 57. f3 Rh1 58. Kg2 Ra1 59. h6
Ra7 60. Kg3 Rh7 61. g5 Kf5 62. Kh4 Ra7 63. Rf8+ Kg6 64. Rf6+ Kh7 65. Kh5 Ra5
66. Rxe6 Rd5 67. Re7+ Kh8 68. h7 d3 69. Kh6 1-0

[Event "PRVA LIGA CENTRALNE SRBIJE 2018."]
[Site "Kragujevac,hotel Sumarice"]
[Date "2018.09.14"]
[Round "1.3"]
[White "Ristic, Nebojsa M"]
[Black "Ivanovic, Dragutin"]
[Result "1-0"]
[WhiteElo "2361"]
[BlackElo "2307"]
[PlyCount "73"]
[EventDate "2018.09.14"]
[WhiteTeam "Jasenica S.Palanka"]
[BlackTeam "Krusik Valjevo"]

1. d4 g6 2. c4 Bg7 3. Nc3 c5 4. d5 d6 5. e4 Nf6 6. f4 Qa5 7. Bd2 Qb6 8. Nf3 Bg4
9. Be2 O-O 10. O-O e6 11. b3 Bxf3 12. Bxf3 exd5 13. cxd5 Nbd7 14. Qc2 Rfe8 15.
Rae1 a6 16. g4 Re7 17. g5 Ne8 18. Bg4 c4+ 19. Be3 Qc7 20. e5 dxe5 21. d6 Qxd6
22. Rd1 Qc6 23. Nd5 Re6 24. Bxe6 Qxe6 25. f5 gxf5 26. Qxf5 Nf8 27. Nb6 Rb8 28.
Qxe6 Nxe6 29. Rd7 Nf4 30. Rxf4 exf4 31. Bxf4 Nc7 32. Bxc7 Re8 33. Nxc4 b5 34.
Nd6 Re5 35. Nxf7 Re2 36. Nh6+ Bxh6 37. gxh6 1-0

[Event "PRVA LIGA CENTRALNE SRBIJE 2018."]
[Site "Kragujevac,hotel Sumarice"]
[Date "2018.09.14"]
[Round "1.3"]
[White "Sandic, Vladeta"]
[Black "Rajkovic, Dusan"]
[Result "1/2-1/2"]
[WhiteElo "2324"]
[BlackElo "2322"]
[PlyCount "59"]
[EventDate "2018.09.14"]
[WhiteTeam "Krusik Valjevo"]
[BlackTeam "Jasenica S.Palanka"]

1. d4 Nf6 2. c4 e6 3. Nc3 Bb4 4. Qc2 c5 5. dxc5 O-O 6. a3 Bxc5 7. Nf3 b6 8. Bg5
Bb7 9. e4 h6 10. Bh4 Be7 11. O-O-O a6 12. e5 Nh5 13. Bxe7 Qxe7 14. Qd2 Bxf3 15.
gxf3 Nc6 16. Rg1 Kh8 17. Be2 Qh4 18. Qe3 Qf4 19. Rxd7 Nxe5 20. Rd4 Qxh2 21.
Rgd1 Rac8 22. Re4 Ng6 23. Qxb6 Nhf4 24. Qe3 e5 25. c5 Ne6 26. Rc4 Nd4 27. Kb1
f5 28. b4 Rfe8 29. Rcxd4 exd4 30. Qxd4 1/2-1/2

[Event "PRVA LIGA CENTRALNE SRBIJE 2018."]
[Site "Kragujevac,hotel Sumarice"]
[Date "2018.09.14"]
[Round "1.3"]
[White "Ilic, Zoran S"]
[Black "Zivkovic, Dejan"]
[Result "0-1"]
[WhiteElo "2307"]
[BlackElo "2290"]
[PlyCount "54"]
[EventDate "2018.09.14"]
[WhiteTeam "Jasenica S.Palanka"]
[BlackTeam "Krusik Valjevo"]

1. d4 Nf6 2. Nf3 b5 3. e4 Nxe4 4. Bxb5 e6 5. O-O Bb7 6. Re1 Be7 7. Nbd2 Nf6 8.
Nb3 O-O 9. Bd3 d6 10. c4 c5 11. Qe2 Nbd7 12. d5 e5 13. Bd2 Rb8 14. Rab1 Ne8 15.
Na5 f5 16. Bc2 e4 17. Bc3 Bf6 18. Bxf6 Qxf6 19. Nd2 Ba6 20. Nab3 Ne5 21. Nc1
Nc7 22. b3 Nxd5 23. Qf1 Qg5 24. f4 Nxf4 25. Rd1 e3 26. Nf3 Nh3+ 27. Kh1 Nxf3
0-1

[Event "PRVA LIGA CENTRALNE SRBIJE 2018."]
[Site "Kragujevac,hotel Sumarice"]
[Date "2018.09.14"]
[Round "1.3"]
[White "Zivanovic, Bojan"]
[Black "Stankovic, Dragan P"]
[Result "0-1"]
[WhiteElo "2093"]
[BlackElo "2229"]
[PlyCount "114"]
[EventDate "2018.09.14"]
[WhiteTeam "Krusik Valjevo"]
[BlackTeam "Jasenica S.Palanka"]

1. e4 c5 2. Nc3 Nc6 3. Nf3 e6 4. Bb5 Nd4 5. O-O a6 6. Bd3 Nxf3+ 7. Qxf3 d6 8.
Re1 Ne7 9. Ne2 Nc6 10. c3 g6 11. Bc2 Bg7 12. d3 O-O 13. Be3 e5 14. Qg3 f5 15.
Bb3+ Kh8 16. f4 Qe7 17. Bd5 Bd7 18. Rad1 Rae8 19. Rf1 Be6 20. fxe5 Bxe5 21. Bf4
fxe4 22. Bxc6 Bxf4 23. Rxf4 bxc6 24. Rxe4 Qd7 25. b3 Bf5 26. Rxe8 Rxe8 27. Nf4
Qg7 28. Re1 Re5 29. h4 Qe7 30. Rf1 Re3 31. Rf3 Re1+ 32. Rf1 Re3 33. Rf3 Rxf3
34. gxf3 Qe3+ 35. Kh2 Qd2+ 36. Kg1 Qxc3 37. Qg5 Qe1+ 38. Kh2 Qd2+ 39. Kg3 Qe1+
40. Kh2 Qe5 41. b4 Kg7 42. bxc5 h6 43. Qg3 Qxc5 44. h5 g5 45. Ng2 Qd4 46. f4
Qxd3 47. Qe1 Be4 48. Qa1+ Kf7 49. fxg5 hxg5 50. h6 Qd2 51. Qg7+ Ke6 52. Qg8+
Ke5 53. Qg7+ Kd5 54. Qf7+ Kc5 55. Qa7+ Kb5 56. a4+ Ka5 57. Qc7+ Kxa4 0-1

[Event "PRVA LIGA CENTRALNE SRBIJE 2018."]
[Site "Kragujevac"]
[Date "2018.09.14"]
[Round "1.4"]
[White "Csonka, Balazs"]
[Black "Soysal, Serkan"]
[Result "1/2-1/2"]
[WhiteElo "2450"]
[BlackElo "2404"]
[PlyCount "131"]
[EventDate "2018.??.??"]

1. e4 c6 2. d4 d5 3. e5 Bf5 4. h4 h5 5. Bd3 Bxd3 6. Qxd3 e6 7. Bg5 Be7 8. Nf3
Nh6 9. Nc3 Nf5 10. Ne2 Nd7 11. Ng3 g6 12. O-O-O Bxg5+ 13. Nxg5 Qe7 14. Nxf5
gxf5 15. Rh3 O-O-O 16. Qa3 Qxa3 17. Rxa3 Rdf8 18. Rxa7 Kb8 19. Ra3 c5 20. f4
Rhg8 21. g3 Rg7 22. c4 Nb6 23. cxd5 Nxd5 24. dxc5 Rc8 25. Ra5 b6 26. Rb5 Ka7
27. b4 Ka6 28. a4 bxc5 29. Rxc5 Rgg8 30. Rxc8 Rxc8+ 31. Kb2 Rc4 32. Nxf7 Rxb4+
33. Kc1 Rxa4 34. Ng5 Ra1+ 35. Kd2 Ra2+ 36. Ke1 Ne3 37. Rd6+ Kb5 38. Nxe6 Kc4
39. Ng7 Ng2+ 40. Kd1 Ne3+ 41. Kc1 Kc3 42. Rc6+ Nc4 43. Kd1 Kd3 44. Ke1 Re2+ 45.
Kf1 Ne3+ 46. Kg1 Ke4 47. e6 Kf3 48. Rc3 Re1+ 49. Kh2 Kf2 50. Rxe3 Rxe3 51. Nxh5
Rxe6 52. Ng7 Rf6 53. Kh3 Rf7 54. Ne6 Re7 55. Nd4 Rf7 56. h5 Ke3 57. Ne6 Rf6 58.
Ng7 Rf7 59. h6 Rf6 60. Kh4 Rxh6+ 61. Kg5 Rh8 62. Nxf5+ Kf3 63. Nh6 Kxg3 64. f5
Rf8 65. f6 Rxf6 66. Kxf6 1/2-1/2

[Event "PRVA LIGA CENTRALNE SRBIJE 2018."]
[Site "Kragujevac"]
[Date "2018.09.14"]
[Round "1.4"]
[White "Radovanovic, Nikola"]
[Black "Stankovic, Milos"]
[Result "1/2-1/2"]
[WhiteElo "2420"]
[BlackElo "2443"]
[Annotator "Balkanchess"]
[PlyCount "45"]
[EventDate "2018.??.??"]
[WhiteClock "0:55:46"]
[BlackClock "1:01:29"]

1. e4 e6 2. d4 d5 3. Nc3 Nf6 4. Bg5 dxe4 5. Nxe4 Be7 6. Bxf6 gxf6 7. Nf3 f5 8.
Nc3 a6 9. g3 b5 10. Bg2 Bb7 11. O-O O-O 12. Ne5 Bxg2 13. Kxg2 Bf6 14. Ne2 b4
15. Nf4 Bxe5 16. dxe5 Qxd1 17. Rfxd1 Nc6 18. Nd3 Rfd8 19. f4 Rd5 20. Nf2 Ne7
21. Kf3 a5 22. Rxd5 Nxd5 23. Rd1 1/2-1/2

[Event "PRVA LIGA CENTRALNE SRBIJE 2018."]
[Site "Kragujevac"]
[Date "2018.09.14"]
[Round "1.4"]
[White "Dudukovic, Nikola"]
[Black "Barlov, Dragan"]
[Result "1-0"]
[WhiteElo "2404"]
[BlackElo "2414"]
[Annotator "Balkanchess"]
[PlyCount "133"]
[EventDate "2018.??.??"]
[WhiteClock "0:03:51"]
[BlackClock "0:00:42"]

1. Nf3 Nf6 2. g3 g6 3. Bg2 Bg7 4. O-O O-O 5. c4 d6 6. d4 c6 7. Nc3 Qa5 8. e4
Bg4 9. h3 Bxf3 10. Bxf3 Nfd7 11. Be3 a6 12. Qc2 c5 13. dxc5 dxc5 14. Rad1 Ne5
15. Be2 Nbc6 16. Qa4 Qxa4 17. Nxa4 Nd4 18. Bxd4 cxd4 19. f4 Nc6 20. e5 f6 21.
exf6 Bxf6 22. Nc5 b6 23. Nd7 Rfd8 24. Bf3 Rac8 25. Nxb6 Rb8 26. Nd5 Nb4 27.
Nxb4 Rxb4 28. b3 a5 29. Rd3 Rc8 30. Bd5+ Kh8 31. a3 Rb6 32. Re1 Rcb8 33. c5 Rb5
34. Rc1 Rc8 35. b4 axb4 36. axb4 Rxb4 37. c6 Rc7 38. Ra1 Rb5 39. Be6 Kg7 40.
Bd7 e5 41. fxe5 Bxe5 42. Kg2 h5 43. Kf3 Rc5 44. Ke4 Bf6 45. Rb1 R5xc6 46. Bxc6
Rxc6 47. Rb7+ Kh6 48. Rf3 h4 49. g4 Re6+ 50. Kd3 Ra6 51. Rb5 g5 52. Ke4 Kg6 53.
Rfb3 Re6+ 54. Kd5 Re1 55. Rb6 Rf1 56. Ke4 Rf4+ 57. Kd3 Kf7 58. Ra6 Rf3+ 59. Kc4
Rf1 60. Raa3 Rc1+ 61. Kd5 Rc7 62. Ra6 Kg7 63. Rf3 Be7 64. Kxd4 Rd7+ 65. Ke5 Bc5
66. Rc6 Bd4+ 67. Ke6 1-0

[Event "PRVA LIGA CENTRALNE SRBIJE 2018."]
[Site "Kragujevac"]
[Date "2018.09.14"]
[Round "1.4"]
[White "Zlatanovic, Boroljub"]
[Black "Nestorovic, Dejan"]
[Result "1-0"]
[WhiteElo "2371"]
[BlackElo "2340"]
[Annotator "Balkanchess"]
[PlyCount "71"]
[EventDate "2018.??.??"]
[WhiteClock "0:06:36"]
[BlackClock "0:00:35"]

1. c4 e5 2. Nc3 Nf6 3. g3 d5 4. cxd5 Nxd5 5. Bg2 Nb6 6. Nf3 Nc6 7. O-O Be7 8.
d3 O-O 9. Be3 Re8 10. Rc1 Bf8 11. Na4 Nd4 12. Nc5 Bxc5 13. Rxc5 Qd6 14. b4 c6
15. Nxd4 exd4 16. Bf4 Qe7 17. a4 Bg4 18. Re1 a5 19. Rxa5 Qxb4 20. Bd2 Qe7 21.
Qb3 Rxa5 22. Bxa5 Nc8 23. h3 Be6 24. Qb4 b6 25. Qxe7 Rxe7 26. Bd2 c5 27. a5 b5
28. Rc1 c4 29. Bb4 Rc7 30. e3 dxe3 31. fxe3 f5 32. dxc4 bxc4 33. Bc3 Kf7 34.
Rb1 Ne7 35. a6 Bc8 36. Rb7 1-0

[Event "PRVA LIGA CENTRALNE SRBIJE 2018."]
[Site "Kragujevac"]
[Date "2018.09.14"]
[Round "1.4"]
[White "Markovic, Zoran S"]
[Black "Radovic, Luka"]
[Result "1-0"]
[WhiteElo "2346"]
[BlackElo "2459"]
[Annotator "Balkanchess"]
[PlyCount "77"]
[EventDate "2018.??.??"]
[WhiteClock "0:04:27"]
[BlackClock "0:01:28"]

1. e4 e6 2. d4 d5 3. Nd2 c5 4. exd5 Qxd5 5. Ngf3 cxd4 6. Bc4 Qd7 7. O-O Nc6 8.
Nb3 a6 9. Nbxd4 Nxd4 10. Nxd4 Qc7 11. Bb3 Bd6 12. h3 Ne7 13. Qh5 Qc5 14. Qxc5
Bxc5 15. Be3 b6 16. Ba4+ Bd7 17. Bxd7+ Kxd7 18. Rad1 Kc8 19. c4 Rd8 20. a3 e5
21. Nb3 Rxd1 22. Rxd1 Bxe3 23. fxe3 Ra7 24. c5 Rb7 25. Rd2 Kc7 26. Kf2 Kc6 27.
Kf3 Nc8 28. Rc2 Ne7 29. Ke4 f6 30. cxb6+ Kxb6 31. Nc5 Rc7 32. b4 Nc6 33. Kd5 a5
34. bxa5+ Nxa5 35. Rb2+ Ka7 36. Rb5 Nb7 37. Rxb7+ Rxb7 38. Nxb7 Kxb7 39. g4 1-0

[Event "PRVA LIGA CENTRALNE SRBIJE 2018."]
[Site "Kragujevac"]
[Date "2018.09.14"]
[Round "1.4"]
[White "Radovic, Janko"]
[Black "Dimitrijevic, Radmilo"]
[Result "1/2-1/2"]
[WhiteElo "2405"]
[BlackElo "2247"]
[Annotator "Balkanchess"]
[PlyCount "49"]
[EventDate "2018.??.??"]
[WhiteClock "0:34:54"]
[BlackClock "0:13:53"]

1. e4 c5 2. Nf3 Nc6 3. Bb5 g6 4. O-O Bg7 5. Re1 Nf6 6. e5 Nd5 7. Nc3 Nxc3 8.
dxc3 a6 9. Bxc6 dxc6 10. Qxd8+ Kxd8 11. Ng5 Be6 12. Nxe6+ fxe6 13. a4 a5 14.
Bg5 Re8 15. Rad1+ Kc7 16. Rd3 h6 17. Bc1 Rab8 18. f4 h5 19. Red1 Red8 20. Rxd8
Rxd8 21. Rxd8 Kxd8 22. h4 b5 23. Kf2 c4 24. b4 cxb3 25. cxb3 1/2-1/2

[Event "PRVA LIGA CENTRALNE SRBIJE 2018."]
[Site "Kragujevac,hotel Sumarice"]
[Date "2018.09.14"]
[Round "1.5"]
[White "Ivanov, Mikhail M"]
[Black "Savicevic, Vlatko"]
[Result "1/2-1/2"]
[WhiteElo "2367"]
[BlackElo "2338"]
[PlyCount "57"]
[EventDate "2018.09.14"]
[WhiteTeam "Sabacki SK Sabac"]
[BlackTeam "Trepca Kosovska Mitrovica"]

1. d4 d5 2. c4 e6 3. Nc3 Be7 4. Nf3 Nf6 5. g3 O-O 6. Bg2 dxc4 7. O-O Nc6 8. Bg5
Rb8 9. Bxf6 Bxf6 10. e3 b5 11. Qe2 Nb4 12. Rfd1 a6 13. a3 Nd3 14. Ne4 Bb7 15.
Ne1 Nxe1 16. Qxe1 Be7 17. Qf1 Bxe4 18. Bxe4 Qd6 19. Qe2 Rfd8 20. Qc2 g6 21. a4
c5 22. axb5 axb5 23. dxc5 Qxc5 24. b3 Bf6 25. Rxd8+ Rxd8 26. Rd1 Rxd1+ 27. Qxd1
c3 28. Bc2 Kg7 29. Qd3 1/2-1/2

[Event "PRVA LIGA CENTRALNE SRBIJE 2018."]
[Site "Kragujevac,hotel Sumarice"]
[Date "2018.09.14"]
[Round "1.5"]
[White "Simic, Dragisa"]
[Black "Radovanovic, Jovica"]
[Result "1/2-1/2"]
[WhiteElo "2299"]
[BlackElo "2322"]
[PlyCount "47"]
[EventDate "2018.09.14"]
[WhiteTeam "Trepca Kosovska Mitrovica"]
[BlackTeam "Sabacki SK Sabac"]

1. e4 c5 2. Nf3 d6 3. d4 cxd4 4. Nxd4 Nf6 5. Nc3 a6 6. f4 Nbd7 7. Be2 Qb6 8.
Nb3 g6 9. Qd3 Bg7 10. Be3 Qc7 11. a4 O-O 12. a5 b5 13. axb6 Nxb6 14. O-O Be6
15. Na5 Rfc8 16. Bd4 Nc4 17. Nxc4 Bxc4 18. Qe3 Rab8 19. Bxc4 Qxc4 20. Ra4 Qc6
21. e5 Nd5 22. Nxd5 Qxd5 23. Bc3 Qc5 24. Re1 1/2-1/2